01162nas a2200265Ia 4500001001100000003000900011008004100020040001300061040001300074041001200087100004600099210002900145222002900174245014400203250001100347260004000358501008600398300002000484310001600504362002600520500026000546650003900806700002200845700002900867R707/F2503IT-RoPAU151124c99999999xx |||||||||||| ||und|| aIT-RoPAU cIT-RoPAU aTEDESCO aTomaselli KeyangCodice Aut. SPICS: 33112 aZEITSCHRIFT FUR SEMIOTIK aZeitschrift Fur Semiotik aZEITSCHRIFT FUR SEMIOTIK, VOL. 20-N.1/2 (1998)bFolgen Der Apartheid Und Ihre Uberwindung Durch Zeichenanalyse (Die): Semiotik In Sudafrika a1a ed. aTUBINGENbSTAUFFENBURG VERLAGc1998 bPaulus - SPICS - Società San Paolo EM (non-commercial uses only)cCopyright2015 a14 p. [161-174] aTRIMESTRALE aVOL. 20, N.1/2 (1998) aConseguenze dell'Apartheid e Suo Controllo Attraverso L'Analisi del Segno:Semiotica in Sudafrica. Slogan Radicali: Semiotica della Trasformazione. Progetto Fallito di una Semiotica Non Critica. Politicizzazione della Semiotica. per una Semiotica Sudafrica aSEMIOTICAvPUBBLICAZIONE PERIODICA aShepperson Arnold gCodice Aut. SPICS: 49961